Transverse momentum distributions of produced pions in the multiperipheral model

Бібліографічні деталі
Автор: Levin E. M.
Співавтор: Academy of Sciences of the USSR Leningrad Nuclear Physics Institute
Інші автори: Ryskin M. G.
Мова:Англійська
Опубліковано: Leningrad, LNPI, 1972
Серія:LNPI № 6 October, 1972
Предмети:
Формат: Книга
KOHA link:https://koha.lib.tpu.ru/cgi-bin/koha/opac-detail.pl?biblionumber=353663

MARC

LEADER 00000nam0a2200000 4500
001 353663
005 20231102010620.0
035 |a (RuTPU)RU\TPU\retro\10920 
090 |a 353663 
100 |a 20200526d1972 km y0engy50 ba 
101 1 |a eng  |c rus 
102 |a RU 
105 |a a z 001zy 
200 1 |a Transverse momentum distributions of produced pions in the multiperipheral model  |f E. M. Levin, M. G. Ryskin  |g Academy of Sciences of the USSR, Leningrad Nuclear Physics Institute  |d Распределение по поперечному импульсу в мультипериферической модели 
210 |a Leningrad  |c LNPI  |d 1972 
215 |a 11 p.  |c il. 
225 1 |a LNPI № 6 October, 1972 
320 |a References: p. 11 
510 1 |a Распределение по поперечному импульсу в мультипериферической модели  |z rus 
606 1 |a Элементарные частицы  |x Резонанс  |2 stltpush  |3 (RuTPU)RU\TPU\subj\21117  |9 46156 
610 1 |a ядерная физика 
610 1 |a полные сечения 
610 1 |a пионы 
610 1 |a мультипериферическая модель 
610 1 |a пи-мезоны 
610 1 |a распад 
610 1 |a английский язык 
675 |a 539.12.013  |v 4 
700 1 |a Levin  |b E. M. 
701 1 |a Ryskin  |b M. G. 
712 0 2 |a Academy of Sciences of the USSR  |b Leningrad Nuclear Physics Institute  |2 stltpush  |3 (RuTPU)RU\TPU\col\27599  |9 28766 
801 1 |a RU  |b 63413507  |c 20200526 
801 2 |a RU  |b 63413507  |c 20201023  |g RCR 
942 |c BK